[Event "Uljanovsk Povolje op"]
[Site "Uljanovsk"]
[Date "2015.09.27"]
[Round "8"]
[White "Sinicin, Vladimir"]
[Black "Gorelov, Ivan"]
[Result "1-0"]
[WhiteElo "1715"]
[BlackElo "1363"]
[PlyCount "133"]
[EventDate "2015.09.12"]
[EventType "swiss"]
[EventRounds "9"]
[EventCountry "RUS"]
[SourceTitle "EXT 2016"]
[Source "ChessBase"]
[SourceDate "2015.10.08"]
[SourceVersion "1"]
[SourceVersionDate "2015.10.08"]
[SourceQuality "1"]

1. d4 e6 2. c4 f5 3. Nc3 Nf6 4. Bg5 Be7 5. Nf3 h6 6. Bh4 d5 7. e3 c6 8. Ne5 0-0 9. f3 Nbd7 10. Ng6 Re8 11. Qc2 Nf8 12. Nxe7+ Qxe7 13. 0-0-0 Ng6 14. Bg3 Bd7 15. c5 Nh5 16. Bd6 Qf7 17. g4 fxg4 18. Bd3 Ne7 19. fxg4 Nf6 20. Rdf1 Kh8 21. g5 hxg5 22. Bxe7 Qxe7 23. Bg6 Rf8 24. Qg2 g4 25. h3 g3 26. Qxg3 Ng8 27. Ne2 Rxf1+ 28. Rxf1 Rf8 29. Nf4 Nh6 30. Bc2 Be8 31. Rg1 Nf5 32. Ng6+ Bxg6 33. Qxg6 Qf6 34. Kd2 Kg8 35. Bd1 Qxg6 36. Rxg6 Rf6 37. Bh5 Rxg6 38. Bxg6 Ne7 39. Bh5 g6 40. Bg4 Kf7 41. Kd3 a6 42. b4 Nf5 43. e4 Ne7 44. Ke3 g5 45. a3 Kf6 46. e5+ Kf7 47. Kf3 Kg6 48. Bxe6 Kg7 49. Kg4 Kg6 50. Bd7 Kh6 51. Be8 Ng8 52. Kf5 Ne7+ 53. Kf6 Ng8+ 54. Kf7 Kh7 55. Bd7 Nh6+ 56. Kf6 Ng8+ 57. Kxg5 Ne7 58. Bf5+ Kg7 59. h4 Kf7 60. h5 Kg7 61. h6+ Kf7 62. Be6+ Kxe6 63. h7 Nf5 64. h8Q Nxd4 65. Qf6+ Kd7 66. Qd6+ Kc8 67. e6 1-0

[Event "Uljanovsk Povolje op"]
[Site "Uljanovsk"]
[Date "2015.09.13"]
[Round "2"]
[White "Logunov, Egor"]
[Black "Sinicin, Vladimir"]
[Result "1-0"]
[WhiteElo "1563"]
[BlackElo "1715"]
[PlyCount "57"]
[EventDate "2015.09.12"]
[EventType "swiss"]
[EventRounds "9"]
[EventCountry "RUS"]
[SourceTitle "EXT 2016"]
[Source "ChessBase"]
[SourceDate "2015.10.08"]
[SourceVersion "1"]
[SourceVersionDate "2015.10.08"]
[SourceQuality "1"]

1. d4 d5 2. Bf4 e6 3. e3 Bd6 4. Bxd6 Qxd6 5. Nf3 Nc6 6. c3 Nf6 7. Bd3 Bd7 8. Nbd2 a6 9. a3 b5 10. 0-0 0-0 11. e4 dxe4 12. Nxe4 Nxe4 13. Bxe4 f5 14. Bc2 Rf6 15. Ne5 Rh6 16. h3 Be8 17. Re1 Nxe5 18. Rxe5 Bc6 19. Bb3 Rf8 20. Qe2 Rff6 21. Re1 Kf7 22. d5 Bxd5 23. Rxd5 Qc6 24. Re5 Rfg6 25. Rxf5+ Kg8 26. Qf3 Qxf3 27. Rxf3 c5 28. Rd1 Rf6 29. Bxe6+ 1-0

[Event "Uljanovsk Povolje op"]
[Site "Uljanovsk"]
[Date "2015.09.13"]
[Round "3"]
[White "Sinicin, Vladimir"]
[Black "Vatutin, Petr"]
[Result "1/2-1/2"]
[WhiteElo "1715"]
[BlackElo "1360"]
[PlyCount "112"]
[EventDate "2015.09.12"]
[EventType "swiss"]
[EventRounds "9"]
[EventCountry "RUS"]
[SourceTitle "EXT 2016"]
[Source "ChessBase"]
[SourceDate "2015.10.08"]
[SourceVersion "1"]
[SourceVersionDate "2015.10.08"]
[SourceQuality "1"]

1. e4 d5 2. exd5 Qxd5 3. c4 Qa5 4. Nc3 Nf6 5. Nf3 Bg4 6. Be2 c6 7. h3 Bh5 8. d3 e6 9. Bd2 Qc7 10. g3 Bd6 11. g4 Bg6 12. Nh4 Nbd7 13. g5 Ng8 14. Nxg6 hxg6 15. Ne4 Be7 16. Bg4 0-0-0 17. Qa4 Nc5 18. Nxc5 Bxc5 19. Be2 Rd7 20. Be3 Bxe3 21. fxe3 Qb6 22. d4 Qxb2 23. Kf2 Qb6 24. c5 Qc7 25. Qxa7 Qb8 26. Qxb8+ Kxb8 27. Rab1 Ne7 28. Bf3 Kc7 29. Rb4 Ra8 30. a4 Nd5 31. Bxd5 exd5 32. Ra1 Ra5 33. Kf3 Re7 34. Rh1 Kc8 35. Re1 Re4 36. Rg1 Kb8 37. Rg4 Rxg4 38. Kxg4 Kc7 39. Kf4 Ra7 40. Ke5 Kd7 41. a5 Ke7 42. Rb6 f6+ 43. gxf6+ gxf6+ 44. Kf4 Kd7 45. e4 dxe4 46. Kxe4 Kc7 47. d5 cxd5+ 48. Kxd5 Ra6 49. h4 Rxb6 50. cxb6+ Kd7 51. Kc5 f5 52. Kd5 Kd8 53. Ke5 Kc8 54. Kd5 Kd7 55. Kc5 Kc8 56. Kd5 Kd7 1/2-1/2

[Event "Uljanovsk Povolje op"]
[Site "Uljanovsk"]
[Date "2014.08.30"]
[Round "7"]
[White "Sinicin, Vladimir"]
[Black "Pavlov, Anatoly F"]
[Result "0-1"]
[WhiteElo "1686"]
[BlackElo "2066"]
[PlyCount "70"]
[EventDate "2014.08.26"]
[EventType "swiss"]
[EventRounds "9"]
[EventCountry "RUS"]
[SourceTitle "CBM 162 Extra"]
[Source "ChessBase"]
[SourceDate "2014.10.17"]
[SourceVersion "1"]
[SourceVersionDate "2014.10.17"]
[SourceQuality "1"]

1. e4 d5 2. e5 c5 3. c3 Nc6 4. d4 e6 5. Nf3 Nge7 6. Bb5 Qb6 7. a4 Bd7 8. Be3 Nf5 9. g4 cxd4 10. cxd4 Nxe3 11. fxe3 a6 12. Bxc6 bxc6 13. 0-0 Qxb2 14. Nbd2 Qc3 15. Qe2 Be7 16. Rfc1 Qa5 17. Nb3 Qc7 18. Nc5 Bxc5 19. Rxc5 0-0 20. Qd3 Qd8 21. h4 f6 22. g5 Be8 23. Rf1 Bg6 24. Qd2 fxg5 25. Nxg5 Rxf1+ 26. Kxf1 Bf5 27. Qf2 h6 28. Nf3 Qe8 29. Rc1 Qh5 30. Ke1 Rf8 31. Qg3 Bd3 32. Ng1 Qf5 33. Kd2 Bc4 34. Rc3 Qf1 35. Rxc4 Rf2+ 0-1

[Event "Uljanovsk Povolje op"]
[Site "Uljanovsk"]
[Date "2014.08.30"]
[Round "8"]
[White "Suimanov, Vladimir"]
[Black "Sinicin, Vladimir"]
[Result "0-1"]
[WhiteElo "1412"]
[BlackElo "1686"]
[PlyCount "96"]
[EventDate "2014.08.26"]
[EventType "swiss"]
[EventRounds "9"]
[EventCountry "RUS"]
[SourceTitle "CBM 162 Extra"]
[Source "ChessBase"]
[SourceDate "2014.10.17"]
[SourceVersion "1"]
[SourceVersionDate "2014.10.17"]
[SourceQuality "1"]

1. c4 c5 2. Nc3 g6 3. e4 Bg7 4. Nge2 Nc6 5. a3 d6 6. g3 Nf6 7. Bg2 e5 8. d3 0-0 9. Bg5 h6 10. Bd2 Ne8 11. Qc2 f5 12. Nd5 fxe4 13. dxe4 Nf6 14. Rd1 Be6 15. f3 Qd7 16. h3 Rab8 17. b4 Kh7 18. bxc5 dxc5 19. Bxh6 Bxd5 20. Bxg7 Kxg7 21. cxd5 Nd4 22. Nxd4 cxd4 23. h4 Rbc8 24. Qd2 Rc3 25. Qg5 Re3+ 26. Kf1 Nxe4 27. Qxe5+ Kh7 28. Kg1 Nc3 29. Qg5 Nxd1 30. Kh2 Rf5 31. Qg4 Nf2 32. Qxd4 Rfxf3 33. Bxf3 Rxf3 34. Kg2 Rf5 35. Rb1 Ng4 36. Qxg4 Rf2+ 37. Kh3 Rh2+ 38. Kxh2 Qxg4 39. Rxb7+ Kh6 40. d6 Qe2+ 41. Kg1 Qd1+ 42. Kf2 Qxd6 43. Rb4 a5 44. Rf4 Qd2+ 45. Kf3 Qd3+ 46. Kg4 Qxa3 47. Rf3 Qxf3+ 48. Kxf3 a4 0-1

[Event "Uljanovsk Student op"]
[Site "Uljanovsk"]
[Date "2014.03.29"]
[Round "4"]
[White "Sinicin, Vladimir"]
[Black "Dobrocmyslov, Artem"]
[Result "0-1"]
[WhiteElo "1680"]
[BlackElo "1940"]
[PlyCount "105"]
[EventDate "2014.03.22"]
[EventType "swiss"]
[EventRounds "9"]
[EventCountry "RUS"]
[SourceTitle "EXT 2016"]
[Source "ChessBase"]
[SourceDate "2015.10.08"]
[SourceVersion "1"]
[SourceVersionDate "2015.10.08"]
[SourceQuality "1"]

1. e4 e6 2. d4 d5 3. Nc3 Nf6 4. e5 Nfd7 5. f4 c5 6. Nf3 Nc6 7. Be3 a6 8. a4 Qb6 9. Be2 cxd4 10. a5 Qxb2 11. Na4 Qb4+ 12. Bd2 Qe7 13. 0-0 Qd8 14. Qe1 Nc5 15. Nxc5 Bxc5 16. Bd3 Qc7 17. Qg3 g6 18. Ng5 Ne7 19. Qh3 Bd7 20. Qh6 Nf5 21. Bxf5 Bf8 22. Qh3 exf5 23. Qb3 h6 24. Nf3 Bb5 25. Rfe1 Bc4 26. Qb2 Bc5 27. Nxd4 b5 28. Kh1 Bxd4 29. Qxd4 Qa7 30. Qc3 d4 31. Qb4 Qe7 32. Qd6 Qxd6 33. exd6+ Kd7 34. Bb4 Rhe8 35. Re7+ Rxe7 36. dxe7 Kc6 37. Re1 Re8 38. Re5 Bd5 39. Kg1 Be4 40. Kf2 Kd7 41. g3 f6 42. Rc5 Rxe7 43. c4 Bc6 44. cxb5 Bxb5 45. Rd5+ Kc6 46. Rxd4 Re4 47. Rxe4 fxe4 48. Ke3 Kd5 49. h4 Bd3 50. Bd2 Ke6 51. Bc3 Kf5 52. Be1 Kg4 53. Kf2 0-1

[Event "Uljanovsk Student op"]
[Site "Uljanovsk"]
[Date "2014.03.22"]
[Round "1"]
[White "Vlasov, Alexander"]
[Black "Sinicin, Vladimir"]
[Result "0-1"]
[WhiteElo "2227"]
[BlackElo "1680"]
[PlyCount "70"]
[EventDate "2014.03.22"]
[EventType "swiss"]
[EventRounds "9"]
[EventCountry "RUS"]
[SourceTitle "EXT 2016"]
[Source "ChessBase"]
[SourceDate "2015.10.08"]
[SourceVersion "1"]
[SourceVersionDate "2015.10.08"]
[SourceQuality "1"]

1. e4 c5 2. Nf3 d6 3. Bc4 e6 4. Nc3 Nf6 5. d4 cxd4 6. Qxd4 Nc6 7. Qd3 Be7 8. 0-0 0-0 9. Rd1 a6 10. Qe2 Qc7 11. Bg5 b5 12. Bxf6 Bxf6 13. Bb3 Bb7 14. a4 b4 15. Na2 Bxb2 16. Rab1 Bf6 17. Qc4 a5 18. c3 Ba6 19. Qxc6 Qxc6 20. cxb4 Qxe4 21. b5 Bb7 22. Re1 Qg4 23. h3 Qg6 24. Nh4 Bxh4 25. g3 Bxg3 26. Red1 Be5+ 27. Kf1 Qg2+ 28. Ke1 Qg1+ 29. Kd2 Qxf2+ 30. Kd3 Qf3+ 31. Kc2 Rac8+ 32. Kd2 Bc3+ 33. Kc2 Be4+ 34. Kc1 Qe3+ 35. Rd2 Qxd2# 0-1

[Event "Ulstudents-ch op"]
[Site "Russia"]
[Date "2012.03.24"]
[Round "1"]
[White "Beldyugin, Alexey"]
[Black "Sinicin, Vladimir"]
[Result "1-0"]
[WhiteElo "2047"]
[BlackElo "1607"]
[PlyCount "82"]
[EventDate "2012.03.24"]
[EventType "swiss"]
[EventRounds "9"]
[EventCountry "RUS"]
[SourceTitle "EXT 2014"]
[Source "ChessBase"]
[SourceDate "2013.11.20"]
[SourceVersion "1"]
[SourceVersionDate "2013.11.20"]
[SourceQuality "1"]

1. c4 Nf6 2. Nc3 g6 3. e4 Bg7 4. d4 d6 5. f3 0-0 6. Be3 e5 7. dxe5 dxe5 8. Bc5 Re8 9. Nge2 Qxd1+ 10. Rxd1 Be6 11. Nd5 Na6 12. Ba3 c6 13. Nxf6+ Bxf6 14. Nc1 Rad8 15. Be2 Rxd1+ 16. Kxd1 Rd8+ 17. Kc2 c5 18. b3 b6 19. Nd3 Bg7 20. g4 g5 21. h4 h6 22. Bc1 f6 23. a3 Nb8 24. Be3 Nc6 25. hxg5 hxg5 26. Ne1 Bf8 27. Kc3 Nd4 28. Bxd4 cxd4+ 29. Kb2 a5 30. Nd3 Rc8 31. Rc1 a4 32. Bd1 axb3 33. Bxb3 Ra8 34. Nb4 Ra7 35. c5 Bxb3 36. cxb6 Rb7 37. Kxb3 Rxb6 38. Rc6 Rxc6 39. Nxc6 Bc5 40. a4 Kf7 41. a5 d3 1-0

[Event "Uljanovsk-ch"]
[Site "Uljanovsk"]
[Date "2010.03.20"]
[Round "5"]
[White "Sinicin, Vladimir"]
[Black "Mironov, Vitaly Viktorovich"]
[Result "0-1"]
[WhiteElo "1595"]
[BlackElo "1791"]
[PlyCount "69"]
[EventDate "2010.03.13"]
[EventType "swiss"]
[EventRounds "9"]
[EventCountry "RUS"]
[SourceTitle "EXT 2012"]
[Source "ChessBase"]
[SourceDate "2011.11.24"]
[SourceVersion "1"]
[SourceVersionDate "2011.11.24"]
[SourceQuality "1"]

1. d4 d5 2. c4 e6 3. Nc3 Nf6 4. Bg5 Be7 5. Nf3 c6 6. e3 Nbd7 7. c5 0-0 8. Bd3 Nh5 9. Bxe7 Qxe7 10. Qc2 g6 11. 0-0 e5 12. Nd2 e4 13. Be2 Ng7 14. f3 Nf5 15. Nd1 exf3 16. Rxf3 Nxd4 17. exd4 Qxe2 18. Nc3 Qe7 19. Nf1 f5 20. Re3 Qg7 21. Qd2 Nxc5 22. Rae1 Ne4 23. Nxe4 fxe4 24. Rg3 Be6 25. h4 Rf7 26. h5 Raf8 27. hxg6 hxg6 28. Ne3 Qh6 29. Rf1 Rh7 30. Rxf8+ Kxf8 31. Qf2+ Kg8 32. Qf6 Qh1+ 33. Kf2 Rf7 34. Rxg6+ Kf8 35. Qxf7+ 0-1